000 01947nam0a2200385 4500
001 RU\NLR\BIBL_A\011963269
005 20190403155926.0
010 _a978-5-9908463-2-6
_9300
021 _aRU
_bКН-П-19-011944
_9КН-П-19-1359
021 _aRU
_bКН-П-19-011944
_9КН-П-19-0891
035 _a(NLR Aleph) 011963269
035 _a(RuMoRGB)009900474
090 _a11215991
_c11215991
100 _a20190318d2019 k y0rusy50 ca
101 1 _arus
_aspa
_ceng
102 _aRU
105 _aa|||z|||001zy
200 1 _aИспанский язык для чайников
_e[научитесь: говорить по-испански, быстро и эффективно; правильно строить грамматические формы и спрягать глаголы; соблюдать корректное произношение; включает аудиокурс онлайн!
_eпер. с англ.]
_fСюзанна Вальд, Сеси Крайнак
205 _a2-е изд.
210 _aМосква
_aСанкт-Петербург
_cДиалектика
_d2019
215 _a382 с.
_cил., табл.
_d24
300 _aЗагл. и авт. ориг.: Spanish for dummies / Susana Wald and Cecie Kraynak
300 _aНа 4-й с. обл. авт.: Сюзанна Вальд, Сеси Крайнак - преподаватели
320 _aПредм. указ.: с. 379-382
454 1 _12001#$aSpanish for dummies
_1700#1$aWald$bS.$f1937-$gSusana
_1701#1$aKraynak$bC,$gCecie
606 1 _aИспанский язык
_jУчебные издания
_2nlr_sh2
_3RU\NLR\auth\66491709
686 1 _aШ147.21-93рус
686 1 _aШ147.21-942
700 1 _aВальд
_bС.
_f1937-
_gСюзанна
701 1 _aКрайнак
_bС.
_gСеси
942 _cBOOK
980 _aNBR
980 _aNB